=LDR 00000nam 2200000 4500 =001 INLIS000000000008955 =005 20130612100800 =008 ***********************************Ind** =035 ##$$0010-061300000008955 =041 ##$$a Ind =082 ##$$a 808.2 =090 ##$$a 808.2, Tea t =100 ##$$a Safari, Agus =245 ##$$a Teater dlm Demokrasi - Demokrasi dlm Teater, Agus Safari =260 ##$$a 2001 $b Jakarta =300 ##$$a xxviii, 176 hlm, ilus, 25 cm =650 ##$$a Drama - Teater =850 ##$$a NBPNMAT